La « mise en demeure » d'un aéroport parisien par trois SDF irréductibles (notice n° 1640170)
[ vue normale ]
| 000 -LEADER | |
|---|---|
| fixed length control field | 01233cam a2200169 4500500 |
| 005 - DATE AND TIME OF LATEST TRANSACTION | |
| control field | 20260201080341.0 |
| 041 ## - LANGUAGE CODE | |
| Language code of text/sound track or separate title | fre |
| 042 ## - AUTHENTICATION CODE | |
| Authentication code | dc |
| 100 10 - MAIN ENTRY--PERSONAL NAME | |
| Personal name | Proth, Bruno |
| Relator term | author |
| 245 00 - TITLE STATEMENT | |
| Title | La « mise en demeure » d'un aéroport parisien par trois SDF irréductibles |
| 260 ## - PUBLICATION, DISTRIBUTION, ETC. | |
| Date of publication, distribution, etc. | 2005.<br/> |
| 500 ## - GENERAL NOTE | |
| General note | 67 |
| 520 ## - SUMMARY, ETC. | |
| Summary, etc. | Josette DEBROUX, The Creation of the French Ruralists Association : A Strategy for the Revalorization of Rural Studies ? The creation of the French Ruralists Association in 1974, by well-known sociologists and ethnologists who intended to organize and create « rural social sciences », can be interpreted as a strategy designed to revalorize a research field. The point of view of the founders relative to the state of « rural studies », congruent with the political and administrative point of view of the social sciences, reveals certain charactistics of this research field and the positions and dispositions of those who (or who claim to) represent it. |
| 700 10 - ADDED ENTRY--PERSONAL NAME | |
| Personal name | Joseph, Isaac |
| Relator term | author |
| 786 0# - DATA SOURCE ENTRY | |
| Note | L'Homme & la Société | 155 | 1 | 2005-03-01 | p. 157-180 | 0018-4306 |
| 856 41 - ELECTRONIC LOCATION AND ACCESS | |
| Uniform Resource Identifier | <a href="https://shs.cairn.info/revue-l-homme-et-la-societe-2005-1-page-157?lang=fr&redirect-ssocas=7080">https://shs.cairn.info/revue-l-homme-et-la-societe-2005-1-page-157?lang=fr&redirect-ssocas=7080</a> |
Pas d'exemplaire disponible.




Réseaux sociaux